<?xml version="1.0" encoding="UTF-8"?>
<record
    xmlns:xsi="http://www.w3.org/2001/XMLSchema-instance"
    xsi:schemaLocation="http://www.loc.gov/MARC21/slim http://www.loc.gov/standards/marcxml/schema/MARC21slim.xsd"
    xmlns="http://www.loc.gov/MARC21/slim">

  <leader>01698nam a22002417a 4500</leader>
  <controlfield tag="001">3808</controlfield>
  <controlfield tag="003">FISKH</controlfield>
  <controlfield tag="005">20240510101122.0</controlfield>
  <controlfield tag="008">240510b        cb ||||| |||| 00| 0 eng d</controlfield>
  <datafield tag="020" ind1=" " ind2=" ">
    <subfield code="a">9781402757792</subfield>
  </datafield>
  <datafield tag="040" ind1=" " ind2=" ">
    <subfield code="a">FISKH</subfield>
    <subfield code="b">eng</subfield>
    <subfield code="c">FISKH</subfield>
    <subfield code="d">FISKH</subfield>
  </datafield>
  <datafield tag="050" ind1=" " ind2=" ">
    <subfield code="a">QL668.E2</subfield>
  </datafield>
  <datafield tag="082" ind1=" " ind2=" ">
    <subfield code="a">597.89</subfield>
  </datafield>
  <datafield tag="100" ind1=" " ind2=" ">
    <subfield code="a">Behler, John L. </subfield>
    <subfield code="d">1943-2006</subfield>
  </datafield>
  <datafield tag="245" ind1=" " ind2=" ">
    <subfield code="a">Frogs: </subfield>
    <subfield code="b">A chorus of colors /</subfield>
    <subfield code="c">John L. Behler, Deborah A. Behler </subfield>
  </datafield>
  <datafield tag="260" ind1=" " ind2=" ">
    <subfield code="a">New York : </subfield>
    <subfield code="b">Sterling ; </subfield>
    <subfield code="c">2005. </subfield>
  </datafield>
  <datafield tag="300" ind1=" " ind2=" ">
    <subfield code="a">160 pages : </subfield>
    <subfield code="b">color illustrations ; </subfield>
    <subfield code="c">27 cm </subfield>
  </datafield>
  <datafield tag="520" ind1=" " ind2=" ">
    <subfield code="a">A companion to the unique traveling exhibit--one of the most popular ever at museums throughout the nation--pays long-overdue homage to the fascinating frog. With richly colorful photos and compelling, informative descriptions, John and Deborah Behler have carefully crafted a wonderful tribute to the amazingly complex frog. With decades of expertise in conservation, the Behlers are unequaled in their ability to capture the wild and ever-changing world of these amphibians--all 5,000 species. They reveal an unexpected diversity of form, lifestyle, and ecology, and take readers on a magical journey that makes vibrantly clear why these creatures are so important. Breathtaking and brilliant images show tadpoles in water and on leaves; a many-hued variety of frogs (bright blue, golden yellow and black, red and turquoise) in their environment; African sand frogs and chirping frogs; Oriental fire-bellied frogs; and tiny three-toed toadlets--among the smallest that exist. It's a vision not to be missed.
</subfield>
  </datafield>
  <datafield tag="650" ind1=" " ind2=" ">
    <subfield code="a">Special Exhibits </subfield>
    <subfield code="v">Biology</subfield>
    <subfield code="x">Nature</subfield>
  </datafield>
  <datafield tag="700" ind1=" " ind2=" ">
    <subfield code="a">Behler, Deborah A. </subfield>
    <subfield code="e">Author </subfield>
  </datafield>
  <datafield tag="942" ind1=" " ind2=" ">
    <subfield code="2">ddc</subfield>
    <subfield code="c">BK</subfield>
    <subfield code="n">0</subfield>
  </datafield>
  <datafield tag="999" ind1=" " ind2=" ">
    <subfield code="c">3808</subfield>
    <subfield code="d">3808</subfield>
  </datafield>
  <datafield tag="952" ind1=" " ind2=" ">
    <subfield code="0">0</subfield>
    <subfield code="1">0</subfield>
    <subfield code="2">ddc</subfield>
    <subfield code="4">0</subfield>
    <subfield code="7">0</subfield>
    <subfield code="8">NFIC</subfield>
    <subfield code="a">001</subfield>
    <subfield code="b">001</subfield>
    <subfield code="c">ATKSNF</subfield>
    <subfield code="d">2024-05-10</subfield>
    <subfield code="l">0</subfield>
    <subfield code="o">BEH 597.89 QL668.E2</subfield>
    <subfield code="p">2024-0599</subfield>
    <subfield code="r">2024-05-10 10:11:19</subfield>
    <subfield code="w">2024-05-10</subfield>
    <subfield code="y">BK</subfield>
  </datafield>
</record>
